|
|
|
|
| LEADER |
00000nab a2200000 a 4500 |
| 001 |
vtls000191900 |
| 003 |
SK-MaSNL |
| 005 |
20260303223654.0 |
| 008 |
111106c1984 xo 0 slo |
| 015 |
|
|
|a SNBRB19rr/mm-uuuuu
|
| 035 |
|
|
|a CL0202013
|
| 040 |
|
|
|a SNKBUCL
|b slo
|c SNKBUCL
|e AACR2
|
| 041 |
0 |
|
|a slo
|
| 044 |
|
|
|a xo
|c SK
|
| 080 |
|
|
|a 820-3
|2 1981
|
| 100 |
1 |
|
|a Aldiss, Brian W.
|4 aut
|9 929820
|
| 245 |
1 |
0 |
|a Galaktická ZOO
|c Brian W. Aldiss ; Dušan Babjak, Jozef Baláž
|
| 500 |
|
|
|a V rubrike Poviedka na tento týždeň. Informácia o autorovi.
|
| 650 |
0 |
7 |
|a poviedky vedecko-fantastické
|2 snkbucl
|9 315525
|
| 650 |
0 |
7 |
|a literatúra vedecko-fantastická
|2 snkbucl
|9 859091
|
| 655 |
|
7 |
|a články z novín a časopisov
|2 snkbucl
|9 267496
|
| 655 |
|
7 |
|a články z odboru literárna veda a krásna literatúra
|2 snkbucl
|9 770045
|
| 700 |
1 |
|
|a Babjak, Dušan
|4 trl
|9 6372
|
| 700 |
1 |
|
|a Baláž, Jozef
|4 gup
|9 303540
|
| 773 |
0 |
|
|t Život
|g Roč. 34, č. 31 (1984), s. 42-43
|
| 850 |
|
|
|a Slovenská národná knižnica v Martine
|a MTA001
|
| 852 |
|
|
|a SNK
|b KIS3GCP
|
| 958 |
|
|
|a RK
|
| 958 |
|
|
|a LX
|
| 992 |
|
|
|a RBX
|
| 999 |
|
|
|c 2248921
|d 2250851
|